Diagnóstico de eficiencia energética en Marber Metales S.A.
Presenta el paso que se deben de seguir al realizar una auditoría energética de tercer nivel los cuales se implementan en el desarrollo del diagnóstico de eficiencia energética en Marber Metales S.A. La evaluación se centró en el análisis de las mayores consumidores de energía eléctrica, pa...
| Main Author: | |
|---|---|
| Other Authors: | |
| Format: | Tesis Section = Libro |
| Language: | Undetermined Spanish |
| Published: |
Managua
UNI
2011
|
| Subjects: |
| LEADER | 01303nam a2200253Ia 4500 | ||
|---|---|---|---|
| 008 | 240830s9999 xx 000 0 und d | ||
| 040 | |a BIBLIOTECA-RUPAP Mon 621.3746 L795 | ||
| 041 | |a spa | ||
| 082 | |a Mon 621.3746 L795 | ||
| 100 | 1 | |a Loáisiga Castellón, Yang Tse Haichel | |
| 245 | 1 | 0 | |a Diagnóstico de eficiencia energética en Marber Metales S.A. |
| 260 | |a Managua |b UNI |c 2011 | ||
| 300 | |a 211 p. :il. | ||
| 500 | |a Contiene: anexos e Incluye: CD. | ||
| 502 | |a Tesis (Ingeniero Mecánico)- UNI, 2011. | ||
| 520 | 3 | |a Presenta el paso que se deben de seguir al realizar una auditoría energética de tercer nivel los cuales se implementan en el desarrollo del diagnóstico de eficiencia energética en Marber Metales S.A. La evaluación se centró en el análisis de las mayores consumidores de energía eléctrica, para ello se tomó como base de análisis los registros de facturación de energía eléctrica, mediaciones puntuales, producción, horas y condiciones de operación. | |
| 650 | 7 | |a INGENIERÍA ELECTRICA - AUDITORIA ENERGETICA | |
| 650 | 7 | |b MEDIDORES DE POTENCIA | |
| 650 | 7 | |c ANALISIS DE CONSUMO - ENERGIA | |
| 650 | 7 | |d PROPUESTA DE AHORRO ENERGETICO | |
| 700 | 1 | |a Tutor: |b Pérez Escobar, Edmundo José | |
| 942 | |c BK |2 ddc | ||
| 991 | |a TESIS | ||
| 999 | |c 15762 | ||